Joueurs de l'ESTAC les plus capés - Statistiques

Statistiques générales
  • Ce quiz a été pris 58 fois
  • Le résultat moyen est 5 sur 20
Statistiques - réponses
Nombre
de matchs
Nationalité Poste Années Réponse % Correct
433 France Milieu 2002-20072012-2019 Benjamin Nivet
98%
214 France Mileu 2012-2020 Stéphane Darbion
57%
165 Serbie Attaquant 1997-2001 Sladjan Djukic
51%
187 France Défenseur 2016-2022 Jimmy Giraudon
35%
144 Brésil Attaquant 2010-2014 Marcos
31%
183 France Gardien 1999-2004 Tony Heurtebis
31%
165 France Défenseur 2018-2023 Yoann Salmier
27%
237 Centrafrique Milieu 2005-2013 Eloge Enza-Yamissi
24%
231 Maroc Milieu 2001-2008 Gharib Amzine
20%
179 Algérie Défenseur 1988-2003 Mohamed Bradja
20%
191 Maroc Milieu 2007-2013 Mounir Obbadi
16%
146 France Défenseur 2002-2011 Gaël Sanz
10%
194 France Latéral 1998-2003 David Hamed
8%
203 France Milieu 1998-2006 Frédéric Adam
8%
197 France Latéral 2008-2013 Julien Faussurier
8%
144 France Défenseur 2010-2016 Matthieu Saunier
8%
144 France Attaquant 2007-2013 Grégory Bettiol
6%
188 France Milieu 2000-2006 Carl Tourenne
4%
158 France Défenseur 1995-19971998-2001 Richard Jézierski
4%
148 France Milieu 1992-19931996-2001 Jérôme Monier
2%
Aucun quiz correspondant
Distribution des résultats
% des personnes avec chaque résultat
Percentile par nombre de réponses
Votre historique - résultats
Vous n’avez pas pris ce quiz